Essential reading (Record no. 83499)

MARC details
000 -LEADER
fixed length control field 00874cab a22002055a 4500
001 - CONTROL NUMBER
control field L154124
008 - FIXED-LENGTH DATA ELEMENTS--GENERAL INFORMATION
fixed length control field 111018e20111015xxk 000 0 eng d
035 ## - SYSTEM CONTROL NUMBER
System control number (Sirsi) u154124
041 0# - LANGUAGE CODE
Language code of text/sound track or separate title eng
100 1# - MAIN ENTRY--PERSONAL NAME
Personal name Joyce, Jacqui
245 00 - TITLE STATEMENT
Title Essential reading
Remainder of title dilapidations protocol
260 ## - PUBLICATION, DISTRIBUTION, ETC.
Date of publication, distribution, etc. 2011
490 ## - SERIES STATEMENT
Series statement Estates Gazette
Volume/sequential designation (1141) 15 October 2011, 108-110(3)
520 ## - SUMMARY, ETC.
Summary, etc. Examines changes to the Dilapidations Protocol which were made to allow its adoption by the Civil Procedure Rules Committee as a formal pre-action protocol from 1 January 2012 onwards. RICS will be issuing a revised version of its Guidance Note for Dilapidations in England and Wales to take account of the changes.
590 ## - LOCAL NOTE (RLIN)
Local note KA
651 #4 - SUBJECT ADDED ENTRY--GEOGRAPHIC NAME
Geographic name England and Wales
Chronological subdivision 1543-
690 ## - LOCAL SUBJECT ADDED ENTRY--TOPICAL TERM (OCLC, RLIN)
Topical term or geographic name as entry element PROPERTY-LEASEHOLD PROPERTY-LANDLORD AND TENANT-DILAPIDATIONS
700 1# - ADDED ENTRY--PERSONAL NAME
Personal name Rowling, Jon
942 ## - ADDED ENTRY ELEMENTS (KOHA)
Suppress in OPAC 0
Holdings
Withdrawn status Lost status Source of classification or shelving scheme Damaged status Not for loan Home library Current library Shelving location Date acquired Total Checkouts Full call number Barcode Date last seen Copy number Price effective from Koha item type
    Dewey Decimal Classification     London London Journal article 18/10/2011   L154124 154124-2001 06/08/2019 1 06/08/2019 Journal article